000 00623nam a2200229Ia 4500
003 OSt
005 20220918202550.0
006 a|||||r|||| 00| 0
007 ta
008 220917b |||||||| |||| 00| 0 eng d
024 _a102,179
037 _cTextual
040 _aARTS
_cARTS
_beng
041 _2eng
_aeng
082 _aV225L24,1:19, K3
100 _aRegani Sarojini
_9104351
245 0 _aNizam British relations 1724 -1857
260 _aHyderabad
_bBooklovers India
_c1963
650 _aHISTORY
942 _hV225L24,1:19, K3
_cTEXL
_2CC
999 _c225639
_d225639